|
|
|
|
| LEADER |
00644nab a2200157 i 4500 |
| 001 |
misc4989 |
| 005 |
20191106142831.0 |
| 008 |
170607s1928 hu o 0|| hun d |
| 040 |
|
|
|a SZTE Miscellanea Repozitórium
|b hun
|
| 041 |
|
|
|a hun
|
| 245 |
0 |
3 |
|a Az utóöröklésről való lemondásért fizetett évjáradék a jövedelemadó alapjából nem vonható le
|h [elektronikus dokumentum]
|
| 260 |
|
|
|c 1928
|
| 300 |
|
|
|a 137b
|
| 490 |
0 |
|
|a Polgári jog : a hazai és külföldi magánjog és hiteljog szemléje
|v 4 No. 9-10
|
| 695 |
|
|
|a Jövedelemadó jogi szabályozás
|
| 856 |
4 |
0 |
|u http://misc.bibl.u-szeged.hu/4989/1/polgari_jog_1928_137b.pdf
|z Dokumentum-elérés
|